[Event "Quebec op"]
[Site "Longueuil CAN"]
[Date "2019.07.26"]
[Round "8.21"]
[White "Landry, Sylvain"]
[Black "Guipi Bopala, Prince Eric jr"]
[Result "1/2-1/2"]
[WhiteElo "2046"]
[BlackElo "1619"]
[PlyCount "53"]
[EventDate "2019.07.20"]
[EventType "swiss"]
[EventRounds "9"]
[EventCountry "CAN"]

1. e4 e5 2. Bc4 Nc6 3. Nf3 Nf6 4. d3 Bc5 5. c3 d6 6. h3 a6 7. Bb3 O-O 8. Nbd2
Ba7 9. Nf1 h6 10. Ng3 Be6 11. O-O Qd7 12. Bxe6 fxe6 13. d4 exd4 14. cxd4 Qf7
15. Qd3 e5 16. Be3 exd4 17. Nxd4 Bxd4 18. Bxd4 Nxd4 19. Qxd4 Rae8 20. Rfd1 Kh8
21. f3 Nh5 22. Nxh5 Qxh5 23. Rac1 Re7 24. Rc2 Qg5 25. Rd3 Ref7 26. Qd5 Qg3 27.
Rf2 1/2-1/2

[Event "Quebec op"]
[Site "Longueuil CAN"]
[Date "2019.07.26"]
[Round "8.22"]
[White "Yan, Alex Jikai"]
[Black "Vignalou, Joseph"]
[Result "1/2-1/2"]
[WhiteElo "1417"]
[BlackElo "1732"]
[PlyCount "45"]
[EventDate "2019.07.20"]
[EventType "swiss"]
[EventRounds "9"]
[EventCountry "CAN"]

1. e4 c5 2. Nf3 Nc6 3. d4 cxd4 4. Nxd4 Nf6 5. Nc3 d6 6. Bc4 e6 7. O-O Be7 8.
Be3 O-O 9. Bb3 Bd7 10. a3 Na5 11. Ba2 Rc8 12. Qd3 a6 13. Rad1 b5 14. Rfe1 Nc4
15. Bxc4 bxc4 16. Qe2 Qa5 17. Qd2 Qh5 18. f3 Rfd8 19. Nde2 Bf8 20. Bb6 Re8 21.
Ng3 Qh4 22. Be3 h6 23. Bf2 1/2-1/2

[Event "Quebec op"]
[Site "Longueuil CAN"]
[Date "2019.07.27"]
[Round "9.1"]
[White "Vera, Reynaldo"]
[Black "Sambuev, Bator"]
[Result "0-1"]
[WhiteElo "2424"]
[BlackElo "2503"]
[PlyCount "176"]
[EventDate "2019.07.20"]
[EventType "swiss"]
[EventRounds "9"]
[EventCountry "CAN"]

1. d4 g6 2. Nf3 Bg7 3. c4 d6 4. e4 e5 5. Be2 exd4 6. Nxd4 Nc6 7. Be3 Nge7 8.
Nc3 O-O 9. h4 f5 10. h5 g5 11. h6 Bf6 12. Nxf5 Bxf5 13. exf5 Bxc3+ 14. bxc3
Nxf5 15. Qd2 Nxe3 16. Qxe3 Qf6 17. O-O Rae8 18. Qd2 Qf4 19. Qxf4 Rxf4 20. Bf3
Nd8 21. Rae1 Kf8 22. Rxe8+ Kxe8 23. Re1+ Kd7 24. c5 Rh4 25. cxd6 cxd6 26. Rb1
b6 27. Rb5 Nf7 28. Rf5 Ke6 29. g4 Ke7 30. a4 Rxh6 31. Rb5 Ne5 32. Be4 Rf6 33.
a5 Rf4 34. Bxh7 Rxg4+ 35. Kf1 Rc4 36. axb6 axb6 37. Rxb6 Rxc3 38. Rb7+ Kf6 39.
Be4 Rc4 40. Bb1 Ng4 41. Rb6 Ke5 42. Ke2 Nf6 43. Rb7 Nd5 44. Kf3 Rf4+ 45. Kg3
Nc3 46. Bc2 Ne2+ 47. Kg2 Nd4 48. Bd1 d5 49. Re7+ Ne6 50. Kg3 Kf6 51. Rd7 Rd4
52. Bg4 Rd3+ 53. Kh2 Nc5 54. Rd8 Ne4 55. Rf8+ Kg7 56. Rf5 Kg6 57. Rf8 Rd2 58.
Kg1 Nf6 59. Be6 Nh5 60. Bg4 Nf4 61. Rg8+ Kf6 62. Rf8+ Kg7 63. Rd8 Kf7 64. Rd6
Ke7 65. Rd7+ Kf6 66. Rd8 Ra2 67. Rf8+ Kg7 68. Rd8 Kf7 69. Rb8 Nd3 70. Bf3 Ra5
71. Ra8 Rc5 72. Ra6 Ke7 73. Ra7+ Kf6 74. Ra6+ Kf5 75. Ra3 Ne5 76. Be2 d4 77.
Kg2 Rc2 78. Bf1 Rc3 79. Ra8 Ng6 80. Ra5+ Kf4 81. Ra4 Nh4+ 82. Kg1 Nf3+ 83. Kg2
Rc1 84. Ra8 Nh4+ 85. Kg1 d3 86. Rf8+ Ke5 87. Re8+ Kf6 88. Rf8+ Ke7 0-1

[Event "Quebec op"]
[Site "Longueuil CAN"]
[Date "2019.07.27"]
[Round "9.2"]
[White "Roussel-Roozmon, Thomas"]
[Black "Ouellet, Maili-Jade"]
[Result "1-0"]
[WhiteElo "2463"]
[BlackElo "2079"]
[PlyCount "89"]
[EventDate "2019.07.20"]
[EventType "swiss"]
[EventRounds "9"]
[EventCountry "CAN"]

1. Nf3 d5 2. d4 Nf6 3. c4 e6 4. g3 Be7 5. Bg2 O-O 6. O-O dxc4 7. Qc2 a6 8. Qxc4
b5 9. Qc2 Bb7 10. Bd2 Be4 11. Qc1 Nc6 12. e3 Nb4 13. Bxb4 Bxb4 14. a3 Bd6 15.
Nbd2 Bb7 16. Nb3 a5 17. Nc5 Bd5 18. Qc2 Bxc5 19. Qxc5 Rb8 20. Rfc1 Rb7 21. Ne5
Bxg2 22. Kxg2 Qa8 23. Qc6 Rd8 24. Qf3 Rd5 25. Rc6 Qf8 26. Rac1 Ne8 27. R6c5
Rxc5 28. dxc5 Ra7 29. Nc6 Ra6 30. Ne7+ Qxe7 31. Qb7 Rd6 32. cxd6 Qxd6 33. Qxb5
Qd8 34. Qxa5 g6 35. Qc5 h5 36. h3 Kh7 37. Rc4 Kg8 38. Qc6 Kg7 39. a4 Nf6 40.
Rd4 Nd5 41. e4 Nf4+ 42. gxf4 Qxd4 43. Qc3 e5 44. Qxd4 exd4 45. a5 1-0

[Event "Quebec op"]
[Site "Longueuil CAN"]
[Date "2019.07.27"]
[Round "9.4"]
[White "Masse, Hugues"]
[Black "Perez Rodriguez, Luis Manuel"]
[Result "1/2-1/2"]
[WhiteElo "2168"]
[BlackElo "2348"]
[PlyCount "48"]
[EventDate "2019.07.20"]
[EventType "swiss"]
[EventRounds "9"]
[EventCountry "CAN"]

1. e4 e5 2. Nf3 Nc6 3. Bb5 a6 4. Ba4 Nf6 5. O-O b5 6. Bb3 Be7 7. Re1 O-O 8. h3
Bb7 9. d3 d5 10. exd5 Nxd5 11. a4 Nd4 12. Nbd2 f6 13. Nxd4 exd4 14. Nf3 c5 15.
axb5 axb5 16. Rxa8 Bxa8 17. c3 dxc3 18. bxc3 Kh8 19. Bd2 Bd6 20. c4 bxc4 21.
Bxc4 Re8 22. Rxe8+ Qxe8 23. Qe1 Qxe1+ 24. Nxe1 Kg8 1/2-1/2

[Event "Quebec op"]
[Site "Longueuil CAN"]
[Date "2019.07.27"]
[Round "9.5"]
[White "Cummings, David"]
[Black "Rodrigue-Lemieux, Shawn"]
[Result "1/2-1/2"]
[WhiteElo "2415"]
[BlackElo "2257"]
[PlyCount "59"]
[EventDate "2019.07.20"]
[EventType "swiss"]
[EventRounds "9"]
[EventCountry "CAN"]

1. c4 Nf6 2. Nc3 e6 3. e4 d5 4. cxd5 exd5 5. e5 d4 6. exf6 dxc3 7. Bb5+ c6 8.
Qe2+ Be6 9. Bc4 Qxf6 10. dxc3 Bc5 11. Bxe6 Qxe6 12. Qxe6+ fxe6 13. Nf3 O-O 14.
O-O Nd7 15. Bg5 Rf5 16. Rad1 Ne5 17. Nxe5 Rxe5 18. Be3 Bxe3 19. fxe3 Rd5 20. c4
Rdd8 21. Kf2 Kf7 22. Ke2+ Ke7 23. Rd4 Rxd4 24. exd4 b5 25. cxb5 cxb5 26. Rc1
Kd6 27. Rc5 a6 28. Rc3 Ra7 29. Rc8 e5 30. dxe5+ 1/2-1/2

[Event "Quebec op"]
[Site "Longueuil CAN"]
[Date "2019.07.27"]
[Round "9.6"]
[White "Tanaka, Tyler"]
[Black "Botez, Alexandra"]
[Result "1/2-1/2"]
[WhiteElo "2109"]
[BlackElo "2040"]
[PlyCount "95"]
[EventDate "2019.07.20"]
[EventType "swiss"]
[EventRounds "9"]
[EventCountry "CAN"]

1. Nf3 Nf6 2. g3 g6 3. Bg2 Bg7 4. O-O O-O 5. d4 d5 6. c4 dxc4 7. Na3 c5 8. dxc5
c3 9. Qxd8 Rxd8 10. Nb5 cxb2 11. Bxb2 Na6 12. Rac1 Be6 13. a4 Rdc8 14. Nfd4 Bd5
15. c6 Bxg2 16. Kxg2 b6 17. Ba3 e5 18. Nf3 Ne4 19. Nd6 Nxd6 20. Bxd6 f6 21. Nd2
Rd8 22. Ne4 Rac8 23. Ba3 Rc7 24. Bd6 Rf7 25. c7 Rc8 26. Nc3 Nc5 27. Nb5 a6 28.
Bxc5 bxc5 29. Nd6 Rcxc7 30. Nxf7 Kxf7 31. e4 Bf8 32. Rb1 c4 33. a5 Bc5 34. Rfc1
Bd4 35. Kf3 c3 36. Ke2 Kg7 37. Kd3 Rc5 38. f3 Rxa5 39. Ra1 Rb5 40. Rxa6 Rb2 41.
Rc2 Rb1 42. f4 Re1 43. Re2 Rd1+ 44. Kc2 Rf1 45. Rd6 h5 46. Rd7+ Kh6 47. Rd6 Kg7
48. Rd7+ 1/2-1/2

[Event "Quebec op"]
[Site "Longueuil CAN"]
[Date "2019.07.27"]
[Round "9.7"]
[White "Saha, Ananda"]
[Black "Zhu, Hong Rui"]
[Result "1/2-1/2"]
[WhiteElo "2059"]
[BlackElo "2275"]
[PlyCount "60"]
[EventDate "2019.07.20"]
[EventType "swiss"]
[EventRounds "9"]
[EventCountry "CAN"]

1. d4 d5 2. Nf3 e6 3. e3 Bd6 4. Bd3 f5 5. c4 c6 6. Nbd2 Nd7 7. Qc2 Ngf6 8. b3
O-O 9. Bb2 Ne4 10. O-O Qe7 11. Ne5 Nxe5 12. dxe5 Bc5 13. Bd4 Bb4 14. Bxe4 fxe4
15. Bc3 a5 16. Bxb4 axb4 17. Qb2 Bd7 18. f4 exf3 19. Rxf3 Be8 20. Rxf8+ Qxf8
21. cxd5 exd5 22. Qd4 Bg6 23. e4 dxe4 24. Nxe4 Bxe4 25. Qxe4 Qc5+ 26. Kh1 Rxa2
27. Re1 Ra8 28. e6 Qe7 29. h3 Re8 30. Qc4 Rd8 1/2-1/2

[Event "Quebec op"]
[Site "Longueuil CAN"]
[Date "2019.07.27"]
[Round "9.8"]
[White "Martinez Mulet, Dario Leonel"]
[Black "Kaufman, Raymond"]
[Result "0-1"]
[WhiteElo "2123"]
[BlackElo "2301"]
[PlyCount "80"]
[EventDate "2019.07.20"]
[EventType "swiss"]
[EventRounds "9"]
[EventCountry "CAN"]

1. d4 Nf6 2. c4 e6 3. Nf3 b6 4. g3 Ba6 5. Qa4 Bb7 6. Bg2 c5 7. dxc5 Bxc5 8. O-O
O-O 9. Nc3 Be7 10. Bf4 Na6 11. Rfd1 Nc5 12. Qc2 a6 13. b4 Nce4 14. Nxe4 Bxe4
15. Qa4 Qc8 16. Rd4 b5 17. cxb5 axb5 18. Qxb5 Qc3 19. Rad1 Rxa2 20. Ne5 Ra1 21.
Qc4 Rxd1+ 22. Rxd1 Qxc4 23. Nxc4 Bxg2 24. Kxg2 Bxb4 25. Bd6 Rc8 26. Nb6 Rc6 27.
Bxb4 Rxb6 28. Be7 Nd5 29. Bd8 Rb2 30. Kf3 f5 31. Ra1 Rb8 32. Bg5 Rb7 33. Ra3
Kf7 34. e4 fxe4+ 35. Kxe4 h6 36. Bd2 Rb2 37. Rd3 Nf6+ 38. Kf3 e5 39. Be3 e4+
40. Kg2 exd3 0-1

[Event "Quebec op"]
[Site "Longueuil CAN"]
[Date "2019.07.27"]
[Round "9.9"]
[White "Zhong, Kevin"]
[Black "Huang, Qiuyu"]
[Result "1/2-1/2"]
[WhiteElo "2039"]
[BlackElo "2181"]
[PlyCount "44"]
[EventDate "2019.07.20"]
[EventType "swiss"]
[EventRounds "9"]
[EventCountry "CAN"]

1. e4 c5 2. Nc3 Nc6 3. g3 g6 4. Bg2 Bg7 5. Nge2 d6 6. d3 Nf6 7. O-O Rb8 8. f4
O-O 9. h3 Nd7 10. g4 f5 11. gxf5 gxf5 12. exf5 Nf6 13. Ng3 Nd4 14. Nce2 Nxf5
15. Nxf5 Bxf5 16. Ng3 e6 17. Nxf5 exf5 18. Re1 Re8 19. Rxe8+ Qxe8 20. Bd2 d5
21. Qf3 Qb5 22. b3 Re8 1/2-1/2

[Event "Quebec op"]
[Site "Longueuil CAN"]
[Date "2019.07.27"]
[Round "9.10"]
[White "Zheng, Richard"]
[Black "Feoktistov, Dmitri"]
[Result "1/2-1/2"]
[WhiteElo "1993"]
[BlackElo "2139"]
[PlyCount "54"]
[EventDate "2019.07.20"]
[EventType "swiss"]
[EventRounds "9"]
[EventCountry "CAN"]

1. b3 e5 2. Bb2 Nc6 3. e3 Nf6 4. Bb5 Bd6 5. Bxc6 dxc6 6. d3 Be6 7. e4 Qe7 8.
Nd2 Nd7 9. Ngf3 f6 10. h3 g5 11. Nc4 O-O-O 12. Nxd6+ cxd6 13. Qe2 g4 14. hxg4
Bxg4 15. Qe3 Kb8 16. Nh2 Rdg8 17. Nxg4 Rxg4 18. g3 f5 19. O-O-O fxe4 20. dxe4
Nc5 21. f4 exf4 22. gxf4 Rf8 23. Rxd6 Nxe4 24. Rd4 Rfxf4 25. Rd8+ Qxd8 26. Be5+
Ka8 27. Bxf4 Qf6 1/2-1/2

[Event "Quebec op"]
[Site "Longueuil CAN"]
[Date "2019.07.27"]
[Round "9.11"]
[White "Nunez-Painchaud, Raphael"]
[Black "Soudre, Nicolas"]
[Result "0-1"]
[WhiteElo "1962"]
[BlackElo "2086"]
[PlyCount "48"]
[EventDate "2019.07.20"]
[EventType "swiss"]
[EventRounds "9"]
[EventCountry "CAN"]

1. Nf3 e6 2. g3 Nf6 3. Bg2 d5 4. d4 Be7 5. c4 dxc4 6. O-O O-O 7. Ne5 c5 8. dxc5
Bxc5 9. Nd2 Nbd7 10. Ndxc4 Qe7 11. Qb3 Nd5 12. Bf4 Nxf4 13. gxf4 Rb8 14. Rad1
Nb6 15. Nxb6 Bxb6 16. Rd3 f6 17. Nf3 Bd7 18. f5 Rfd8 19. Rfd1 Kf8 20. Nd4 exf5
21. Re3 Qd6 22. Re6 Qc5 23. Bd5 Ba4 24. Qh3 Qxd5 0-1

[Event "Quebec op"]
[Site "Longueuil CAN"]
[Date "2019.07.27"]
[Round "9.12"]
[White "Jacquet, Stephane"]
[Black "Robichaud, Louis"]
[Result "0-1"]
[WhiteElo "1915"]
[BlackElo "2026"]
[PlyCount "62"]
[EventDate "2019.07.20"]
[EventType "swiss"]
[EventRounds "9"]
[EventCountry "CAN"]

1. d4 Nf6 2. c4 g6 3. Nc3 Bg7 4. e4 d6 5. Nf3 O-O 6. Be2 e5 7. O-O Nc6 8. d5
Ne7 9. Ne1 Nd7 10. Be3 f5 11. f3 f4 12. Bf2 g5 13. Rc1 Ng6 14. Nd3 Nf6 15. c5
Rf7 16. cxd6 cxd6 17. Nb5 a6 18. Na3 b5 19. Nb4 g4 20. Nc6 Qf8 21. Nb1 g3 22.
hxg3 fxg3 23. Bxg3 Nh5 24. Bh2 Bh6 25. Rc3 Bf4 26. g4 Ng3 27. Bxg3 Bxg3 28. Kg2
Bh4 29. Rh1 Bxg4 30. fxg4 Rf2+ 31. Kg1 Rg2+ 0-1

[Event "Quebec op"]
[Site "Longueuil CAN"]
[Date "2019.07.27"]
[Round "9.14"]
[White "Nunez, Omar"]
[Black "Abdelaal, Ibrahim"]
[Result "1/2-1/2"]
[WhiteElo "1963"]
[BlackElo "1903"]
[PlyCount "21"]
[EventDate "2019.07.20"]
[EventType "swiss"]
[EventRounds "9"]
[EventCountry "CAN"]

1. d4 Nf6 2. c4 c5 3. d5 b5 4. cxb5 a6 5. b6 d6 6. Nc3 Nbd7 7. e4 Nxb6 8. Nf3
g6 9. Be2 Bg7 10. O-O O-O 11. h3 1/2-1/2

[Event "Quebec op"]
[Site "Longueuil CAN"]
[Date "2019.07.27"]
[Round "9.15"]
[White "Craciun, David"]
[Black "Trahan, Daniel"]
[Result "1/2-1/2"]
[WhiteElo "1720"]
[BlackElo "1949"]
[PlyCount "93"]
[EventDate "2019.07.20"]
[EventType "swiss"]
[EventRounds "9"]
[EventCountry "CAN"]

1. d4 Nf6 2. Bf4 g6 3. Nc3 d5 4. e3 Bg7 5. Be2 O-O 6. Nf3 b6 7. Ne5 Bb7 8. h4
h6 9. h5 g5 10. Bh2 Nbd7 11. Qd3 Ne4 12. Nxe4 dxe4 13. Qb3 Nxe5 14. Bxe5 Bxe5
15. dxe5 Qd5 16. Qxd5 Bxd5 17. O-O-O Rfd8 18. Rd2 Bc6 19. Rhd1 Rxd2 20. Rxd2
Kf8 21. c4 Ke8 22. Kc2 Rd8 23. Rxd8+ Kxd8 24. Kc3 a5 25. Kd4 Bb7 26. c5 e6 27.
Bd1 Ke7 28. cxb6 cxb6 29. Bc2 f5 30. exf6+ Kxf6 31. Bxe4 e5+ 32. Kd3 Ba6+ 33.
Kd2 g4 34. f4 Bc4 35. b3 Bf7 36. Bg6 Bxg6 37. hxg6 Kxg6 38. a4 Kf5 39. g3 h5
40. Ke2 h4 41. Kf2 h3 42. Kg1 exf4 43. exf4 Ke4 44. Kf2 Kd5 45. Kg1 Kd4 46. Kf2
Ke4 47. Kg1 1/2-1/2

[Event "Quebec op"]
[Site "Longueuil CAN"]
[Date "2019.07.27"]
[Round "9.16"]
[White "Poulin, Maurice"]
[Black "Trottier, Alain"]
[Result "1-0"]
[WhiteElo "1944"]
[BlackElo "1829"]
[PlyCount "61"]
[EventDate "2019.07.20"]
[EventType "swiss"]
[EventRounds "9"]
[EventCountry "CAN"]

1. e4 c6 2. d4 d5 3. exd5 cxd5 4. Bd3 Nf6 5. c3 Nc6 6. Bf4 Qb6 7. Qb3 Qxb3 8.
axb3 g6 9. b4 Bg7 10. b5 Nd8 11. h3 O-O 12. Nf3 Nd7 13. O-O Re8 14. Re1 Ne6 15.
Bh2 Nef8 16. Nbd2 Nb6 17. Ra2 Nbd7 18. Rea1 f6 19. Rxa7 Rxa7 20. Rxa7 e5 21.
dxe5 fxe5 22. Bf1 Ne6 23. Nb3 d4 24. Bc4 Nb6 25. Nfd2 dxc3 26. bxc3 Rd8 27. Kf1
Nxc4 28. Nxc4 Rd1+ 29. Ke2 Rb1 30. Ncd2 Rb2 31. Ra8 1-0

[Event "Quebec op"]
[Site "Longueuil CAN"]
[Date "2019.07.27"]
[Round "9.17"]
[White "Luksza, Arkadiusz"]
[Black "Richard, Leo"]
[Result "1-0"]
[WhiteElo "2098"]
[BlackElo "1813"]
[PlyCount "39"]
[EventDate "2019.07.20"]
[EventType "swiss"]
[EventRounds "9"]
[EventCountry "CAN"]

1. d4 Nf6 2. c4 e6 3. Nc3 Bb4 4. e3 O-O 5. Bd3 c5 6. Nge2 b6 7. O-O Bb7 8. Qc2
Bxc3 9. bxc3 d5 10. Rb1 Nbd7 11. cxd5 exd5 12. Ng3 g6 13. f3 Rc8 14. Qf2 Qc7
15. Bd2 Kg7 16. e4 Rce8 17. Rbe1 Bc8 18. Qe3 Ng8 19. Qg5 Nb8 20. Bf4 1-0

[Event "Quebec op"]
[Site "Longueuil CAN"]
[Date "2019.07.27"]
[Round "9.18"]
[White "Guipi Bopala, Prince Eric jr"]
[Black "Boucher, Antoni"]
[Result "1-0"]
[WhiteElo "1619"]
[BlackElo "1932"]
[PlyCount "67"]
[EventDate "2019.07.20"]
[EventType "swiss"]
[EventRounds "9"]
[EventCountry "CAN"]

1. d4 Nf6 2. c4 e6 3. Nc3 Bb4 4. e3 O-O 5. Nge2 d5 6. a3 Be7 7. cxd5 exd5 8.
Nf4 Re8 9. Bd3 b6 10. O-O Ba6 11. Bxa6 Nxa6 12. Qe2 Nb8 13. Qf3 c6 14. b4 Bd6
15. Bb2 Ne4 16. Nxe4 Rxe4 17. Nd3 Nd7 18. Rfc1 Rc8 19. Rc2 Re6 20. Rac1 Nf6 21.
b5 Ne4 22. Rxc6 Rxc6 23. Rxc6 h6 24. g3 Qd7 25. Qf5 Nf6 26. Qf3 Ne4 27. Qe2 Rg6
28. Kg2 Ng5 29. Ne5 Qh3+ 30. Kg1 Rf6 31. f4 Ne4 32. Qg2 Qh5 33. g4 Qh4 34. Nf3
1-0

[Event "Quebec op"]
[Site "Longueuil CAN"]
[Date "2019.07.27"]
[Round "9.19"]
[White "Mercure, Gilbert"]
[Black "Yan, Alex Jikai"]
[Result "0-1"]
[WhiteElo "1795"]
[BlackElo "1417"]
[PlyCount "90"]
[EventDate "2019.07.20"]
[EventType "swiss"]
[EventRounds "9"]
[EventCountry "CAN"]

1. e4 c5 2. d4 cxd4 3. c3 dxc3 4. Nxc3 Nc6 5. Nf3 e6 6. Bc4 Bc5 7. O-O Nge7 8.
Bg5 h6 9. Bf4 O-O 10. Bd6 Bxd6 11. Qxd6 a6 12. a4 Qb6 13. Nb5 axb5 14. axb5 Ra5
15. Rxa5 Qxa5 16. bxc6 Nxc6 17. Rd1 Qb4 18. Qxb4 Nxb4 19. Rd6 Nc6 20. Bb5 f6
21. h4 h5 22. Kf1 Kf7 23. Nd2 Ke7 24. Rd3 Rd8 25. Rc3 Nd4 26. Be2 Nxe2 27. Kxe2
b6 28. Ke3 Ba6 29. Rc7 Kd6 30. Ra7 Bb5 31. f4 Bc6 32. b4 b5 33. Kd4 e5+ 34.
fxe5+ fxe5+ 35. Ke3 Ra8 36. Rxa8 Bxa8 37. Kf3 Ke6 38. g4 g6 39. gxh5 gxh5 40.
Nf1 Kf6 41. Ne3 d6 42. Nf1 Bc6 43. Ne3 Ke6 44. Nf5 Bxe4+ 45. Kxe4 d5+ 0-1

[Event "Quebec op U1600"]
[Site "Longueuil CAN"]
[Date "2019.07.20"]
[Round "1.6"]
[White "Perecowicz, Boaz"]
[Black "Bureau, Robert"]
[Result "1-0"]
[WhiteElo "1522"]
[BlackElo "1385"]
[PlyCount "81"]
[EventDate "2019.07.20"]
[EventType "swiss"]
[EventRounds "9"]
[EventCountry "CAN"]

1. d4 Nf6 2. c4 e6 3. Nc3 d5 4. cxd5 exd5 5. Bg5 c6 6. Nf3 Be7 7. e3 O-O 8. Ne5
Nbd7 9. Bd3 Nxe5 10. dxe5 Nd7 11. Bf4 Nc5 12. Bc2 Ne6 13. Qd3 g6 14. Bh6 Re8
15. O-O-O Bg5 16. Bxg5 Qxg5 17. f4 Qh6 18. g4 Nc5 19. Qe2 Qh4 20. Rhg1 f6 21.
f5 Rxe5 22. fxg6 hxg6 23. Bxg6 Qg5 24. Qc2 Qxe3+ 25. Kb1 Qh6 26. Rde1 Kg7 27.
Bf5 Rxe1+ 28. Rxe1 Bxf5 29. Qxf5 Kf7 30. b4 Qh4 31. Re2 Qh3 32. Kc2 Ne4 33.
Nxe4 dxe4 34. Qxe4 Qf1 35. Qc4+ Kg6 36. Qd3+ Kh6 37. h4 Qf4 38. g5+ fxg5 39.
hxg5+ Kxg5 40. Rg2+ Kh4 41. Qh7+ 1-0

[Event "Quebec op U1800"]
[Site "Longueuil CAN"]
[Date "2019.07.20"]
[Round "1"]
[White "Armstrong, Robert J"]
[Black "Sekki, Abderaouf"]
[Result "1-0"]
[WhiteElo "1633"]
[BlackElo "1740"]
[PlyCount "67"]
[EventDate "2019.07.20"]
[EventType "swiss"]
[EventRounds "9"]
[EventCountry "CAN"]

1. d4 g6 2. c4 Bg7 3. Nc3 c5 4. Nf3 Qa5 5. e3 Nf6 6. Bd2 e6 7. Ne4 Qb6 8. Nxc5
Qxb2 9. Rb1 Qa3 10. Bb4 Qxa2 11. Ra1 Qb2 12. Nd3 Qxa1 13. Qxa1 Nc6 14. Ba3 Ne4
15. Be2 d6 16. O-O O-O 17. Bb2 d5 18. cxd5 exd5 19. Rc1 Bg4 20. h3 Bxf3 21.
Bxf3 Rfd8 22. Bxe4 dxe4 23. Nc5 Nb4 24. Nxe4 Nd3 25. Rc7 b5 26. Qa2 Rf8 27. Nd6
Nxb2 28. Qxb2 a6 29. Qb3 Bf6 30. Nxf7 Kg7 31. Ng5+ Kh6 32. Rxh7+ Kxg5 33. f4+
Kf5 34. Qd5+ 1-0

[Event "Quebec op U1800"]
[Site "Longueuil CAN"]
[Date "2019.07.20"]
[Round "1.1"]
[White "Rabutki, Dimitri"]
[Black "Villeneuve, Benoit"]
[Result "0-1"]
[WhiteElo "1637"]
[BlackElo "1762"]
[PlyCount "72"]
[EventDate "2019.07.20"]
[EventType "swiss"]
[EventRounds "9"]
[EventCountry "CAN"]

1. e4 c5 2. Bc4 e6 3. c3 Nc6 4. Nf3 d6 5. O-O Nf6 6. Re1 Be7 7. d4 cxd4 8. cxd4
O-O 9. Nc3 Nxe4 10. Nxe4 d5 11. Bd3 dxe4 12. Bxe4 Bf6 13. Be3 Ne7 14. Qb3 Nd5
15. Bxd5 exd5 16. Rac1 b6 17. Bf4 Bg4 18. Rc7 Bxf3 19. gxf3 Bxd4 20. Ree7 Bc5
21. Rcd7 Bxe7 22. Rxd8 Rfxd8 23. Qa4 Bf6 24. b3 d4 25. Kf1 d3 26. Ke1 Rd4 27.
Qc6 Rad8 28. Bd2 R4d6 29. Qc7 R6d7 30. Qc6 Re7+ 31. Be3 Be5 32. h3 Rc7 33. Qb5
Bc3+ 34. Kd1 d2 35. Bf4 Rc5 36. Qa6 Ba5 0-1

[Event "Quebec op U1800"]
[Site "Longueuil CAN"]
[Date "2019.07.20"]
[Round "1.3"]
[White "Alcantara, Maximo jr"]
[Black "Di Matteo, Alessio"]
[Result "0-1"]
[WhiteElo "1726"]
[BlackElo "1639"]
[PlyCount "110"]
[EventDate "2019.07.20"]
[EventType "swiss"]
[EventRounds "9"]
[EventCountry "CAN"]

1. Nf3 Nf6 2. d4 d5 3. g3 g6 4. Bg2 Bg7 5. c3 O-O 6. O-O e6 7. Re1 Nbd7 8. Nbd2
c5 9. Nb3 a5 10. a4 Ne4 11. e3 b6 12. Nbd2 f5 13. Nxe4 fxe4 14. Nd2 Qf6 15. f4
Ba6 16. Bf1 Bxf1 17. Rxf1 h5 18. h4 Qf5 19. Qe2 Nf6 20. Nb3 c4 21. Nd2 Qh3 22.
Qg2 Qg4 23. Re1 Qf5 24. Nf1 Kh8 25. Qc2 Ne8 26. Nh2 Qh3 27. Qg2 Qxg2+ 28. Kxg2
Nd6 29. Kh3 b5 30. Rg1 Bf6 31. g4 Kh7 32. Rg2 b4 33. Bd2 b3 34. Rag1 Rg8 35.
Nf1 hxg4+ 36. Rxg4 Nf5 37. Ng3 Nh6 38. Nh1 Nxg4 39. Rxg4 Kg7 40. Ng3 Kf7 41.
Be1 Rh8 42. Nf1 Rag8 43. Kg3 Rh5 44. Bf2 Be7 45. Nh2 Ba3 46. Kh3 Bxb2 47. Rg1
Bxc3 48. Ng4 Bd2 49. f5 exf5 50. Ne5+ Ke6 51. Nxg6 Rxg6 52. Rxg6+ Kf7 53. Rb6
Bb4 54. Bg3 b2 55. Rb7+ Ke8 0-1

[Event "Quebec op U1800"]
[Site "Longueuil CAN"]
[Date "2019.07.20"]
[Round "1.7"]
[White "Nica, Ion"]
[Black "Mathews, Theo"]
[Result "1/2-1/2"]
[WhiteElo "1681"]
[BlackElo "1582"]
[PlyCount "72"]
[EventDate "2019.07.20"]
[EventType "swiss"]
[EventRounds "9"]
[EventCountry "CAN"]

1. b3 e5 2. Bb2 Nc6 3. e3 d5 4. Bb5 Bd6 5. f4 Qe7 6. Nf3 Bg4 7. fxe5 Bxe5 8.
Bxe5 Bxf3 9. Qxf3 Qxe5 10. Nc3 Nf6 11. O-O O-O 12. Bxc6 bxc6 13. Qf4 Qxf4 14.
Rxf4 Rab8 15. Ra4 Rb7 16. Ra6 c5 17. a4 d4 18. exd4 cxd4 19. Nb5 c5 20. Rxa7
Rxa7 21. Nxa7 Re8 22. Kf1 Ra8 23. Nb5 Nd5 24. Re1 Nb4 25. Nd6 Kf8 26. Re5 Rc8
27. d3 Rc6 28. Ke2 f6 29. Re4 Kg8 30. Kf2 Nd5 31. Nc4 Ra6 32. g3 g6 33. Rh4 Kg7
34. Re4 Kf7 35. Rh4 Kg7 36. Re4 Kf7 1/2-1/2

[Event "Quebec op U1800"]
[Site "Longueuil CAN"]
[Date "2019.07.20"]
[Round "1.8"]
[White "Brunet, Guy"]
[Black "Omichi, Haruaki"]
[Result "1/2-1/2"]
[WhiteElo "1578"]
[BlackElo "1674"]
[PlyCount "111"]
[EventDate "2019.07.20"]
[EventType "swiss"]
[EventRounds "9"]
[EventCountry "CAN"]

1. d4 d5 2. Nf3 e6 3. Bf4 Nf6 4. e3 Bd6 5. Bxd6 Qxd6 6. c3 O-O 7. Bd3 b6 8. O-O
Bb7 9. Nbd2 c5 10. Rc1 Nc6 11. Re1 e5 12. dxe5 Nxe5 13. Nxe5 Qxe5 14. Nf3 Qe7
15. Qe2 Rad8 16. Rcd1 Ne4 17. h3 f5 18. c4 Kh8 19. cxd5 Bxd5 20. Bc4 Bc6 21.
Bb5 Bd5 22. Bc4 Bb7 23. Ba6 Ba8 24. Rxd8 Rxd8 25. Rd1 Bd5 26. Qd3 Qd6 27. b3 h6
28. Qc2 Qf6 29. Rd3 Be6 30. Rxd8+ Qxd8 31. Bd3 Bd5 32. Kf1 Qf6 33. Kg1 Nd6 34.
Qb1 Be4 35. Bxe4 Nxe4 36. Qc1 Qc3 37. Qxc3 Nxc3 38. a4 g5 39. Nd2 Kg7 40. Kf1
Kf6 41. Ke1 Ke5 42. f3 h5 43. Nc4+ Ke6 44. Kd2 Nd5 45. g3 a6 46. e4 fxe4 47.
fxe4 Nf6 48. Ke3 Nd7 49. h4 gxh4 50. gxh4 b5 51. axb5 axb5 52. Nd2 Nf6 53. Kf4
Ng4 54. Kg5 Nf6 55. Kf4 Ng4 56. Kg5 1/2-1/2

[Event "Quebec op U1800"]
[Site "Longueuil CAN"]
[Date "2019.07.21"]
[Round "2.1"]
[White "Villeneuve, Benoit"]
[Black "Yu, Xi Ming"]
[Result "1-0"]
[WhiteElo "1762"]
[BlackElo "1647"]
[PlyCount "115"]
[EventDate "2019.07.20"]
[EventType "swiss"]
[EventRounds "9"]
[EventCountry "CAN"]

1. e4 c5 2. Nf3 e6 3. d4 cxd4 4. Nxd4 a6 5. c4 Qc7 6. Nc3 Nf6 7. Be2 Bb4 8. f3
Nc6 9. Be3 b6 10. Rc1 Bb7 11. O-O O-O 12. a3 Bxc3 13. Rxc3 Rac8 14. Nb5 axb5
15. cxb5 Qb8 16. bxc6 Rxc6 17. Rb3 d5 18. Bb5 Rcc8 19. exd5 Nxd5 20. Bf2 Bc6
21. Ba6 Ba4 22. Bxc8 Rxc8 23. Qd3 Bxb3 24. Qxb3 Qc7 25. Re1 h6 26. Bd4 Qc2 27.
Qxc2 Rxc2 28. g3 Rd2 29. Be5 Rc2 30. Bd4 Rc4 31. Rd1 Rc2 32. Rd3 f6 33. Rb3 Rc6
34. f4 Kf7 35. Kg2 g5 36. Kf3 Kg6 37. Rb5 gxf4 38. gxf4 Kf5 39. Be3 h5 40. h3
Rc4 41. Bxb6 Rxf4+ 42. Kg3 Ke4 43. Rb3 e5 44. Bc5 Rf5 45. a4 Rg5+ 46. Kf2 f5
47. a5 Rg6 48. Ra3 Rc6 49. b4 Nc7 50. Re3+ Kd5 51. Rd3+ Kc4 52. Rf3 f4 53. Ra3
Na6 54. Kf3 Nxc5 55. bxc5 Kb4 56. Ra1 Kxc5 57. a6 Rc8 58. Rc1+ 1-0